| 000 | 00633nam a2200229Ia 4500 | ||
|---|---|---|---|
| 003 | OSt | ||
| 005 | 20250207142821.0 | ||
| 008 | 210707s1983 xx 000 0 und d | ||
| 040 | _cAL | ||
| 041 | _ahin | ||
| 082 | _aH891.9 ROLR | ||
| 100 |
_aROLA RAMA _9198375 |
||
| 110 |
_bरोला रामा _9198376 |
||
| 245 |
_aRamkrashn Paramahams: _bरामाकृष्ण परमहंसा |
||
| 260 |
_aIIahabad _bLokbharati Prakashan _c1983 |
||
| 300 | _a307 p | ||
| 563 | _aHB | ||
| 650 |
_aHindi Criticism _9198377 |
||
| 650 |
_aHindi Literature _9198378 |
||
| 906 | _aRamakrashn Biography | ||
| 942 |
_2ddc _cBK |
||
| 999 |
_c180323 _d180323 |
||